Logistics, Transport and The COVID-19 Crisis (Record no. 6814)
[ view plain ]
| 005 - DATE AND TIME OF LATEST TRANSACTION | |
|---|---|
| control field | 20260313141536.0 |
| 020 ## - INTERNATIONAL STANDARD BOOK NUMBER | |
| International Standard Book Number | 9781032259352 |
| 100 ## - MAIN ENTRY--PERSONAL NAME | |
| Author name | WOZNIAK,J |
| 245 ## - TITLE STATEMENT | |
| Title | Logistics, Transport and The COVID-19 Crisis |
| 260 ## - PUBLICATION, DISTRIBUTION, ETC. | |
| Place of publication, distribution, etc. | New York |
| Name of publisher, distributor, etc. | Routledge |
| Date of publication, distribution, etc. | 2022 |
| 300 ## - PHYSICAL DESCRIPTION | |
| Extent | xix,192p;ill;graph,map,table |
| Other physical details | Reference and Index |
| Dimensions | 23cm |
| 700 ## - ADDED ENTRY--PERSONAL NAME | |
| Other authors/Editors | WEREDA,W, NOGALSKI,B. |
| 942 ## - ADDED ENTRY ELEMENTS (KOHA) | |
| Source of classification or shelving scheme | Dewey Decimal Classification |
| Koha item type | Books |
No items available.
